| 000 | 00613nam a22002177a 4500 | ||
|---|---|---|---|
| 001 | 48782 | ||
| 003 | UA-OsUOA | ||
| 005 | 20210407105809.0 | ||
| 007 | ta | ||
| 008 | 20070912b un ||||| |||| 00| 0 ukr d | ||
| 040 |
_aUA-OsUOA _bukr _cUA-OsUOA _dUA-OsUOA |
||
| 041 | _aukr | ||
| 080 | _a82.09 | ||
| 090 |
_a82.09 _bВ40 |
||
| 245 | _aВзаємозв'язки літератур країн соціалістичної співдружності | ||
| 260 |
_aК. _c1981 |
||
| 300 | _a152 с. | ||
| 650 | 7 |
_a82 Література. Літературознавство _2UDC |
|
| 942 |
_cBK _2udc |
||
| 955 | _a2 | ||
| 999 |
_c334889 _d334889 |
||